000 00521nam a2200193Ia 4500
005 20250508150204.0
008 008 250505s9999 xx 000 0 eng d
037 _aTextual
040 _aFEDL
_beng
_cFEDL
041 _aeng
_2eng
084 _a407, AHM
_qFEDL
100 _aAhmad Z A
245 0 _aNational language for India: A symposium
260 _aAllahabad, India
_bKitabistan
_c1941
300 _a299p
490 _aKitabistan series
942 _cTEXL
_h407, AHM
999 _c1322281
_d1322281